[Event "Reykjavik TR U2000 op"]
[Site "Reykjavik"]
[Date "2017.10.11"]
[Round "1"]
[White "Gudmarsson, Olafur"]
[Black "Petursson, Armann"]
[Result "1-0"]
[WhiteElo "1724"]
[BlackElo "1270"]
[PlyCount "44"]
[EventDate "2017.10.11"]
[EventType "swiss"]
[EventRounds "7"]
[EventCountry "ISL"]
[SourceTitle "CBM 181 Extra"]
[Source "ChessBase"]
[SourceDate "2017.12.12"]
[SourceVersion "1"]
[SourceVersionDate "2017.12.12"]
[SourceQuality "1"]

1. d4 d5 2. Bf4 Nf6 3. Nf3 c5 4. e3 Nc6 5. Be2 e6 6. 0-0 Bd6 7. Bg5 0-0 8. Bb5 cxd4 9. exd4 a6 10. Bxc6 bxc6 11. Ne5 Bb7 12. Bxf6 Qxf6 13. f4 Qe7 14. Nd2 f6 15. Nd3 c5 16. c3 c4 17. Ne1 e5 18. fxe5 fxe5 19. Nc2 exd4 20. Nxd4 Qe3+ 21. Kh1 Rxf1+ 22. Nxf1 Rf8 1-0

[Event "Reykjavik Taflfelag op"]
[Site "Reykjavik"]
[Date "2017.09.13"]
[Round "4"]
[White "Thorisson, Benedikt"]
[Black "Petursson, Armann"]
[Result "1-0"]
[WhiteElo "1065"]
[BlackElo "1288"]
[PlyCount "96"]
[EventDate "2017.09.06"]
[EventType "swiss"]
[EventRounds "9"]
[EventCountry "ISL"]
[SourceTitle "CBM 180 Extra"]
[Source "ChessBase"]
[SourceDate "2017.10.06"]
[SourceVersion "1"]
[SourceVersionDate "2017.10.06"]
[SourceQuality "1"]

1. e4 c5 2. Nf3 e6 3. d4 cxd4 4. Nxd4 Nc6 5. Nc3 Qc7 6. Be3 a6 7. Qd2 Nf6 8. f3 Be7 9. 0-0-0 0-0 10. g4 b5 11. h4 b4 12. Nce2 d5 13. g5 Nh5 14. Nf4 Nxf4 15. Bxf4 e5 16. Nxc6 exf4 17. Nxe7+ Qxe7 18. exd5 Qe3 19. Bg2 Bb7 20. Rhe1 Qxd2+ 21. Rxd2 Rad8 22. d6 Rfe8 23. Rxe8+ Rxe8 24. d7 Rd8 25. Rd3 Bc6 26. Bh3 Kf8 27. Rd4 Bxf3 28. Rxf4 Bc6 29. Rxb4 Ke7 30. b3 Bxd7 31. Rb7 a5 32. c4 Kd6 33. Bxd7 Rxd7 34. Rxd7+ Kxd7 35. Kd2 Kd6 36. Ke3 f5 37. a3 g6 38. b4 axb4 39. axb4 Kc6 40. Kf4 Kc7 41. c5 Kb7 42. b5 Kc7 43. Ke5 Kb8 44. b6 Kb7 45. Kd6 f4 46. c6+ Kxb6 47. c7 f3 48. c8Q f2 1-0

[Event "Reykjavik op"]
[Site "Reykjavik"]
[Date "2017.04.27"]
[Round "10"]
[White "Magnusson, Thorsteinn"]
[Black "Petursson, Armann"]
[Result "0-1"]
[WhiteElo "1489"]
[BlackElo "1227"]
[PlyCount "116"]
[EventDate "2017.04.19"]
[EventType "swiss"]
[EventRounds "10"]
[EventCountry "ISL"]
[SourceTitle "CBM 178 Extra"]
[Source "ChessBase"]
[SourceDate "2017.06.22"]
[SourceVersion "1"]
[SourceVersionDate "2017.06.22"]
[SourceQuality "1"]

1. d4 Nf6 2. Bf4 d5 3. e3 c5 4. c3 Nc6 5. Nd2 e6 6. Ngf3 Bd6 7. Bg3 0-0 8. Bb5 a6 9. Bd3 b6 10. Qa4 Bb7 11. Bb1 Ne7 12. Bxd6 Qxd6 13. 0-0 Nf5 14. Ne5 Qc7 15. Bxf5 exf5 16. Rac1 Ne4 17. Nxe4 fxe4 18. Qd7 Rac8 19. f3 f6 20. Qe6+ Kh8 21. Ng4 Rce8 22. Qf5 g6 23. Qf4 Qxf4 24. exf4 f5 25. Ne5 Re7 26. fxe4 fxe4 27. b4 Rc8 28. a4 Rec7 29. bxc5 bxc5 30. dxc5 Rxc5 31. Nf7+ Kg8 32. Nd6 R8c7 33. Nxb7 Rxb7 34. Rfd1 Rb3 35. g3 Kf7 36. Rc2 Ke6 37. Rdc1 d4 38. cxd4 Rxc2 39. Rxc2 Kd5 40. Rc5+ Kxd4 41. Re5 e3 42. Kg2 Kd3 43. Kf3 Kd2 44. Rd5+ Ke1 45. Rd6 e2+ 46. Kg2 Rb2 47. a5 Rd2 48. Rb6 Rd1 49. Rb2 Rd3 50. Rb1+ Kd2 51. Kf2 Re3 52. Rb2+ Kd1 53. Rb1+ Kd2 54. Re1 Rf3+ 55. Kxf3 Kxe1 56. g4 Kd1 57. f5 gxf5 58. gxf5 e1Q 0-1